Clic Qui chantait ? 1 chanson -> 1 interprète (10) - Statistiques

Statistiques générales
  • Ce quiz a été pris 91 fois
  • Le résultat moyen est 11 sur 25
Statistiques - réponses
Hint Réponse % Correct
Écris l'histoire Grégory Lemarchal
87%
Ces soirées-là Yannick
79%
La symphonie des éclairs Zaho de Sagazan
74%
Éblouie par la nuit Zaz
71%
Musulmanes Michel Sardou
58%
Help Myself (Nous ne faisons que passer) Gaëtan Roussel
53%
L'autre Finistère Les Innocents
49%
D.I.S.C.O. Ottawan
49%
Allô le monde Pauline
49%
Les poèmes de Michelle Teri Moïse
49%
Les prisons de Nantes Tri Yann
47%
Mets de l'huile Regg'Lyss
45%
Papa Tango Charly Mort Shuman
43%
On n'est pas là pour se faire engueuler Boris Vian
39%
Un ange frappe à ma porte Natasha St-Pier
37%
Gentil dauphin triste Gérard Lenorman
36%
Le chien dans la vitrine Line Renaud
36%
Brésil, Finistère Nolwenn Leroy
34%
White and black blues Joëlle Ursull
33%
C'est ça la France Marc Lavoine
33%
Brest Miossec
33%
Le premier pas Claude-Michel Schönberg
32%
Yaka dansé Raft
30%
Riquita Georgette Plana
28%
J'en appelle à la tendresse Michèle Torr
20%
Aucun quiz correspondant
Distribution des résultats
% des personnes avec chaque résultat
Percentile par nombre de réponses
Votre historique - résultats
Vous n’avez pas pris ce quiz